[Event "Hessen-chA"]
[White "Schirra, Maurice"]
[Black "Flach, Erich"]
[Site "Marburg"]
[Round "1"]
[Result "0-1"]
[Date "2017.??.??"]
[WhiteElo "1948"]
[BlackElo "2098"]
[PlyCount "126"]
[EventDate "2017.05.24"]
[EventType "swiss"]
[EventRounds "7"]
[EventCountry "GER"]
[SourceTitle "EXT 2018"]
[Source "ChessBase"]
[SourceDate "2017.10.13"]
[SourceVersion "1"]
[SourceVersionDate "2017.10.13"]
[SourceQuality "1"]

1. e4 c5 2. Nc3 Nc6 3. Bb5 Nd4 4. Bc4 g6 5. Nf3 Bg7 6. Nxd4 cxd4 7. Qf3 Nf6 8. Nb5 d5 9. Bxd5 Nxd5 10. exd5 a6 11. Na3 b5 12. d6 Ra7 13. Qc6+ Rd7 14. 0-0 e6 15. d3 0-0 16. Re1 Rxd6 17. Qf3 Rd5 18. Bd2 Bb7 19. Qg3 Rf5 20. f3 Bf6 21. Re2 Qd5 22. Nb1 Rc8 23. Be1 Be5 24. Qf2 Rh5 25. h3 Qd6 26. Qf1 Bh2+ 27. Kh1 Bf4 28. Bd2 Bg3 29. Bc1 Rhc5 30. Qd1 Qc7 31. Na3 Rf5 32. Qf1 Qe7 33. Nb1 Rfc5 34. Na3 Qh4 35. Kg1 Rf5 36. Nb1 Rcc5 37. Nd2 Rxc2 38. Ne4 Rc8 39. Bg5 Rxg5 40. Nxg5 Qxg5 41. Qd1 Bf4 42. Rc2 Rxc2 43. Qxc2 Be3+ 44. Kf1 Qg3 45. Qe2 Qh2 46. Ke1 h5 47. a4 b4 48. a5 Bc6 49. Ra2 Bb5 50. b3 Qg1+ 51. Qf1 Qxf1+ 52. Kxf1 Bxd3+ 53. Ke1 Bb5 54. Rc2 Kf8 55. Rc7 d3 56. Kd1 Ke8 57. Rc8+ Kd7 58. Rf8 Ke7 59. Rc8 d2 60. Rc7+ Ke8 61. Rb7 Bf1 62. Rxb4 Bxg2 63. Ke2 Bxf3+ 0-1

[Event "Korbach op 8th"]
[White "Beyer, Nils"]
[Black "Schirra, Maurice"]
[Site "Korbach"]
[Round "4"]
[Result "0-1"]
[Date "2016.10.22"]
[WhiteElo "1828"]
[BlackElo "1915"]
[PlyCount "72"]
[EventDate "2016.10.20"]
[EventType "swiss"]
[EventRounds "7"]
[EventCountry "GER"]
[SourceTitle "CBM 175 Extra"]
[Source "ChessBase"]
[SourceDate "2016.12.12"]
[SourceVersion "1"]
[SourceVersionDate "2016.12.12"]
[SourceQuality "1"]

1. d4 f5 2. g3 Nf6 3. Nf3 g6 4. Bg2 Bg7 5. b3 0-0 6. Bb2 d6 7. 0-0 c6 8. Nbd2 Qc7 9. c4 Re8 10. Qc2 Na6 11. a3 e5 12. e4 fxe4 13. Nxe4 Nxe4 14. Qxe4 Bf5 15. Qh4 e4 16. Ng5 Bf6 17. Qf4 d5 18. Qxc7 Nxc7 19. f4 h6 20. Nh3 Rad8 21. c5 Ne6 22. Rfd1 Nxc5 23. dxc5 Bxb2 24. Rab1 Bxa3 25. b4 a5 26. bxa5 Bxc5+ 27. Kf1 e3 28. Rdc1 Bxb1 29. Rxb1 e2+ 30. Ke1 d4 31. Nf2 d3 32. Ne4 Rxe4 33. Bxe4 Bb4+ 34. Kf2 e1Q+ 35. Rxe1 Bxe1+ 36. Kxe1 Re8 0-1

[Event "Korbach op 8th"]
[White "Blaschke, Henri Johannes"]
[Black "Schirra, Maurice"]
[Site "Korbach"]
[Round "2"]
[Result "1/2-1/2"]
[Date "2016.10.21"]
[WhiteElo "1793"]
[BlackElo "1915"]
[PlyCount "79"]
[EventDate "2016.10.20"]
[EventType "swiss"]
[EventRounds "7"]
[EventCountry "GER"]
[SourceTitle "CBM 175 Extra"]
[Source "ChessBase"]
[SourceDate "2016.12.12"]
[SourceVersion "1"]
[SourceVersionDate "2016.12.12"]
[SourceQuality "1"]

1. d4 f5 2. Nf3 Nf6 3. Bg5 Ne4 4. h4 Nxg5 5. hxg5 g6 6. e3 d6 7. Bd3 Bg7 8. Nbd2 Nc6 9. c3 e5 10. d5 Nb8 11. e4 f4 12. Qa4+ Kf7 13. 0-0-0 Nd7 14. Rh2 Bf8 15. Rdh1 Kg7 16. Qd1 Be7 17. Qg1 Bxg5 18. Nxg5 Qxg5 19. Nf3 Qe7 20. Rh6 Nf8 21. g3 Qf6 22. g4 Qe7 23. Nh4 Qg5 24. f3 Kf7 25. Ng2 Ke8 26. Ne1 Bd7 27. Nc2 Qd8 28. Na3 a6 29. Nc4 Bb5 30. b3 b6 31. Nb2 Bxd3 32. Nxd3 Qd7 33. Nb4 Qb5 34. Qf1 Qc5 35. Kb2 b5 36. Nc6 a5 37. Qg1 Qxg1 38. Rxg1 Kf7 39. Rgh1 Kg7 40. a3 1/2-1/2

[Event "Korbach op 8th"]
[White "Schirra, Maurice"]
[Black "Schroeder, Kevin"]
[Site "Korbach"]
[Round "1"]
[Result "0-1"]
[Date "2016.10.20"]
[WhiteElo "1915"]
[BlackElo "2266"]
[PlyCount "74"]
[EventDate "2016.10.20"]
[EventType "swiss"]
[EventRounds "7"]
[EventCountry "GER"]
[SourceTitle "CBM 175 Extra"]
[Source "ChessBase"]
[SourceDate "2016.12.12"]
[SourceVersion "1"]
[SourceVersionDate "2016.12.12"]
[SourceQuality "1"]

1. e4 e5 2. Nf3 Nc6 3. d4 exd4 4. Nxd4 Bb4+ 5. c3 Bc5 6. Nb3 Be7 7. g3 Nf6 8. Bg2 0-0 9. 0-0 a5 10. Qe2 a4 11. Nd4 d5 12. e5 Ne4 13. Bxe4 dxe4 14. Qxe4 Bd7 15. Rd1 Ra5 16. f4 Nxd4 17. cxd4 Bc6 18. Qe1 Qd5 19. Qe2 Qh1+ 20. Kf2 Qxh2+ 21. Ke1 Qxg3+ 22. Qf2 Qh3 23. Kd2 Bh4 24. Qe3 Qg2+ 25. Kc3 Bf2 26. Qd3 Be4 27. Qc4 Qf3+ 28. Kb4 Qxd1 29. Kxa5 b6+ 30. Kb4 c5+ 31. Ka3 Qf3+ 32. Qc3 Bxd4 33. Qxf3 Bxf3 34. Kxa4 h5 35. Nd2 Bg2 36. a3 h4 37. Nb3 Bc6# 0-1

[Event "Vellmar op 8th"]
[White "Schirra, Maurice"]
[Black "Koenig, Friedrich Theodor"]
[Site "Vellmar"]
[Round "6"]
[Result "1/2-1/2"]
[Date "2016.07.31"]
[WhiteElo "1947"]
[BlackElo "1805"]
[PlyCount "34"]
[EventDate "2016.07.28"]
[EventType "swiss"]
[EventRounds "7"]
[EventCountry "GER"]
[SourceTitle "CBM 173 Extra"]
[Source "ChessBase"]
[SourceDate "2016.08.29"]
[SourceVersion "1"]
[SourceVersionDate "2016.08.29"]
[SourceQuality "1"]

1. e4 d5 2. exd5 Nf6 3. d4 Nxd5 4. c4 Nb6 5. Nc3 g6 6. Be3 Bg7 7. h3 0-0 8. Nf3 Nc6 9. Qd2 e5 10. d5 Ne7 11. g4 f5 12. Bh6 e4 13. Nd4 c6 14. Bxg7 Kxg7 15. gxf5 Bxf5 16. Nxf5+ Nxf5 17. d6 e3 1/2-1/2

[Event "Vellmar op 8th"]
[White "Schirra, Maurice"]
[Black "Heimsoth, Sven Holger"]
[Site "Vellmar"]
[Round "2"]
[Result "0-1"]
[Date "2016.07.29"]
[WhiteElo "1947"]
[BlackElo "2157"]
[PlyCount "64"]
[EventDate "2016.07.28"]
[EventType "swiss"]
[EventRounds "7"]
[EventCountry "GER"]
[SourceTitle "CBM 173 Extra"]
[Source "ChessBase"]
[SourceDate "2016.08.29"]
[SourceVersion "1"]
[SourceVersionDate "2016.08.29"]
[SourceQuality "1"]

1. e4 e6 2. Nc3 d5 3. Nf3 Nf6 4. e5 Nfd7 5. d4 c5 6. dxc5 Nc6 7. Bf4 Bxc5 8. Bd3 f6 9. exf6 Nxf6 10. Qe2 0-0 11. 0-0-0 Bd6 12. Bxd6 Qxd6 13. Nb5 Qf4+ 14. Qd2 Nh5 15. Rhe1 Bd7 16. Ng5 Nb4 17. Bxh7+ Kh8 18. Nd4 Rac8 19. a3 Nc6 20. Ndxe6 Bxe6 21. Nxe6 Qxd2+ 22. Rxd2 Kxh7 23. Nxf8+ Rxf8 24. Rxd5 Nf4 25. Rg5 Nd4 26. f3 Rc8 27. Re7 Rxc2+ 28. Kb1 Nd3 29. Rgxg7+ Kh6 30. Rxb7 Rc1+ 31. Ka2 Re1 32. Rgd7 Nc1+ 0-1

[Event "Vellmar op 8th"]
[White "Ziegenfuss, Antonia"]
[Black "Schirra, Maurice"]
[Site "Vellmar"]
[Round "1"]
[Result "0-1"]
[Date "2016.07.28"]
[WhiteElo "1728"]
[BlackElo "1947"]
[PlyCount "68"]
[EventDate "2016.07.28"]
[EventType "swiss"]
[EventRounds "7"]
[EventCountry "GER"]
[SourceTitle "CBM 173 Extra"]
[Source "ChessBase"]
[SourceDate "2016.08.29"]
[SourceVersion "1"]
[SourceVersionDate "2016.08.29"]
[SourceQuality "1"]

1. e4 e5 2. Nf3 Nf6 3. Nc3 Nc6 4. Bc4 Nxe4 5. Nxe4 d5 6. Bd3 dxe4 7. Bxe4 Bd6 8. Bxc6+ bxc6 9. 0-0 0-0 10. Re1 Re8 11. d3 Bg4 12. h3 Bh5 13. b3 f5 14. Bb2 c5 15. Re3 e4 16. dxe4 fxe4 17. Qd5+ Bf7 18. Qg5 Qxg5 19. Nxg5 Bf4 20. Nxf7 Bxe3 21. fxe3 Kxf7 22. c4 Rad8 23. Rf1+ Kg6 24. Bc1 Rd3 25. Re1 a5 26. Kf1 a4 27. Ba3 Re5 28. Bb2 Re6 29. Ke2 axb3 30. axb3 Rxb3 31. Ba1 Ra6 32. Be5 Ra2+ 33. Kf1 c6 34. Ba1 Rc2 0-1

[Event "Hessen-ch op-A"]
[White "Schirra, Maurice"]
[Black "Leimeister, Erhard"]
[Site "Floersheim"]
[Round "6"]
[Result "0-1"]
[Date "2016.05.07"]
[WhiteElo "1879"]
[BlackElo "2257"]
[PlyCount "44"]
[EventDate "2016.05.05"]
[EventType "swiss"]
[EventRounds "7"]
[EventCountry "GER"]
[SourceTitle "EXT 2022"]
[Source "ChessBase"]
[SourceDate "2021.10.06"]
[SourceVersion "1"]
[SourceVersionDate "2021.10.06"]
[SourceQuality "1"]

1. e4 c5 2. Nc3 a6 3. a4 e6 4. Be2 Nc6 5. f4 d5 6. e5 Nge7 7. Nf3 Nf5 8. Bd3 d4 9. Bxf5 exf5 10. Nb1 b6 11. d3 Bb7 12. Nbd2 Be7 13. 0-0 0-0 14. Nc4 b5 15. Na3 Qd7 16. Bd2 Nd8 17. axb5 axb5 18. b3 Ne6 19. Qc1 Ra6 20. Qb2 Rfa8 21. Kf2 Bc6 22. b4 Qa7 0-1

[Event "Hessen-ch op-A"]
[White "Schirra, Maurice"]
[Black "Wolff, Peter"]
[Site "Floersheim"]
[Round "4"]
[Result "1-0"]
[Date "2016.05.06"]
[WhiteElo "1879"]
[BlackElo "1958"]
[PlyCount "65"]
[EventDate "2016.05.05"]
[EventType "swiss"]
[EventRounds "7"]
[EventCountry "GER"]
[SourceTitle "EXT 2022"]
[Source "ChessBase"]
[SourceDate "2021.10.06"]
[SourceVersion "1"]
[SourceVersionDate "2021.10.06"]
[SourceQuality "1"]

1. e4 c6 2. d4 d5 3. Nd2 dxe4 4. Nxe4 Bf5 5. Ng3 Bg6 6. h4 h6 7. Nf3 Nd7 8. h5 Bh7 9. Bd3 Bxd3 10. Qxd3 e6 11. Bd2 Ngf6 12. 0-0-0 Be7 13. Kb1 0-0 14. Ne4 c5 15. Bc3 cxd4 16. Bxd4 Qc7 17. Rdg1 Ng4 18. Qe2 Rac8 19. Ne1 Ngf6 20. g4 Nxe4 21. Qxe4 Nf6 22. Qe2 Rfd8 23. Be3 Nd5 24. Bc1 Qb6 25. Ka1 Bf6 26. Nd3 Rc4 27. g5 hxg5 28. Bxg5 Nc3 29. Bxf6 Nxe2 30. Rxg7+ Kf8 31. h6 Qc6 32. Rg8+ Kxg8 33. h7+ 1-0

[Event "Hessen-ch op-A"]
[White "Schirra, Maurice"]
[Black "Roediger, Thomas"]
[Site "Floersheim"]
[Round "2"]
[Result "1/2-1/2"]
[Date "2016.05.05"]
[WhiteElo "1879"]
[BlackElo "2024"]
[PlyCount "48"]
[EventDate "2016.05.05"]
[EventType "swiss"]
[EventRounds "7"]
[EventCountry "GER"]
[SourceTitle "EXT 2022"]
[Source "ChessBase"]
[SourceDate "2021.10.06"]
[SourceVersion "1"]
[SourceVersionDate "2021.10.06"]
[SourceQuality "1"]

1. e4 c5 2. Nc3 Nc6 3. Bb5 g6 4. Bxc6 dxc6 5. d3 Bg7 6. f4 Nf6 7. Nf3 0-0 8. 0-0 Qc7 9. Qe1 b6 10. Qh4 Ne8 11. f5 e6 12. Bh6 Bxh6 13. Qxh6 exf5 14. exf5 Bxf5 15. Ng5 f6 16. Rxf5 gxf5 17. Ne6 Qf7 18. Nxf8 Qxf8 19. Qf4 Ng7 20. Qc7 Qc8 21. Qd6 Qe6 22. Qc7 Qc8 23. Qd6 Qe6 24. Qc7 Qc8 1/2-1/2

[Event "GER-ch U14"]
[White "Hovhannisyan, Artur"]
[Black "Schirra, Maurice"]
[Site "Willingen"]
[Round "5"]
[Result "1/2-1/2"]
[Date "2015.05.26"]
[WhiteElo "1831"]
[BlackElo "1790"]
[PlyCount "107"]
[EventDate "2015.05.24"]
[EventType "swiss"]
[EventRounds "9"]
[EventCountry "GER"]
[SourceTitle "CBM 166 Extra"]
[Source "ChessBase"]
[SourceDate "2015.06.18"]
[SourceVersion "1"]
[SourceVersionDate "2015.06.18"]
[SourceQuality "1"]

1. e4 e5 2. Nf3 Nf6 3. Nxe5 d6 4. Nf3 Nxe4 5. Nc3 Nxc3 6. dxc3 Be6 7. Bf4 Be7 8. Qd2 Nc6 9. Bd3 a6 10. 0-0-0 Qd7 11. Be4 0-0-0 12. Nd4 Nxd4 13. Qxd4 c5 14. Qe3 Rhe8 15. Qg3 Bf8 16. Bf3 Bf5 17. Rd2 h6 18. Rhd1 Re6 19. h4 Qe7 20. Be3 Qc7 21. Qf4 Rf6 22. Qa4 Bd7 23. Qc4 Bb5 24. Qg4+ Bd7 25. Qg3 Bc6 26. Bd5 Bxd5 27. Rxd5 b6 28. a4 a5 29. Qg4+ Kb7 30. Qc4 Qc6 31. g4 Re8 32. Bf4 Rfe6 33. f3 Rd8 34. b3 Rde8 35. Qd3 Rd8 36. Bg3 Rd7 37. f4 Re8 38. f5 Ree7 39. g5 hxg5 40. hxg5 Qc8 41. Qf3 Qc6 42. Qg4 Qc8 43. Re1 Re8 44. Re4 Rxe4 45. Qxe4 Qc6 46. c4 Re7 47. Qf3 Re8 48. g6 f6 49. Qd1 Kc7 50. Rd2 Qd7 51. Qf3 Qc6 52. Rd5 Rd8 53. Qd3 Re8 54. Qf3 1/2-1/2

[Event "GER-ch U14"]
[White "Poghosyan, Tigran"]
[Black "Schirra, Maurice"]
[Site "Willingen"]
[Round "1"]
[Result "1/2-1/2"]
[Date "2015.05.24"]
[WhiteElo "2043"]
[BlackElo "1790"]
[PlyCount "87"]
[EventDate "2015.05.24"]
[EventType "swiss"]
[EventRounds "9"]
[EventCountry "GER"]
[SourceTitle "CBM 166 Extra"]
[Source "ChessBase"]
[SourceDate "2015.06.18"]
[SourceVersion "1"]
[SourceVersionDate "2015.06.18"]
[SourceQuality "1"]

1. e4 e5 2. Nf3 Nf6 3. d4 Nxe4 4. Bd3 d5 5. Nxe5 Bd6 6. Nc3 Nxc3 7. bxc3 Nd7 8. Nxd7 Bxd7 9. Qh5 g6 10. Qh6 Bf8 11. Qf4 Bd6 12. Qf3 0-0 13. 0-0 c6 14. Rb1 Rb8 15. Qe3 Re8 16. Qh6 Bf8 17. Qf4 Be6 18. Qg3 Bd6 19. Bf4 Bxf4 20. Qxf4 b6 21. Qg3 Qc8 22. f4 Bf5 23. Rbe1 Qd7 24. Bxf5 Qxf5 25. Re5 Qxc2 26. f5 Rbd8 27. Qh4 Qxc3 28. fxg6 fxg6 29. Rfe1 Rf8 30. Re7 h5 31. h3 Qd2 32. Kh1 Qf4 33. Qxf4 Rxf4 34. R1e6 Rxd4 35. Rxg6+ Kf8 36. Rgg7 Rf4 37. Rxa7 d4 38. Rh7 Kg8 39. Rag7+ Kf8 40. Rc7 Kg8 41. Rcg7+ Kf8 42. Rg6 c5 43. Rxb6 Kg8 44. Rbh6 1/2-1/2

[Event "Hessen-ch U14"]
[White "Schirra, Maurice"]
[Black "Gerlach, Manuel"]
[Site "Bad Homburg"]
[Round "7"]
[Result "1-0"]
[Date "2015.04.03"]
[WhiteElo "1729"]
[BlackElo "1344"]
[PlyCount "65"]
[EventDate "2015.03.30"]
[EventType "swiss"]
[EventRounds "7"]
[EventCountry "GER"]
[SourceTitle "EXT 2017"]
[Source "ChessBase"]
[SourceDate "2016.10.25"]
[SourceVersion "1"]
[SourceVersionDate "2016.10.25"]
[SourceQuality "1"]

1. e4 e5 2. Nf3 Nc6 3. d4 exd4 4. Nxd4 Bb4+ 5. Nc3 Nf6 6. Nxc6 bxc6 7. Bd3 d5 8. exd5 cxd5 9. 0-0 0-0 10. Bg5 c6 11. Qf3 Bd6 12. Na4 h6 13. Bh4 Rb8 14. c4 Rb4 15. b3 Be6 16. Rac1 Re8 17. h3 Be7 18. Qe2 Nd7 19. Bg3 Nb6 20. Nxb6 axb6 21. Rfd1 Qc8 22. Bf4 dxc4 23. bxc4 Bf6 24. Qe4 g6 25. Re1 Bd7 26. Qf3 Bg5 27. Bxg5 hxg5 28. Qf6 Rxe1+ 29. Rxe1 Bf5 30. Bxf5 gxf5 31. Qxg5+ Kf8 32. Qe7+ Kg7 33. Qxb4 1-0

[Event "Hessen-ch U14"]
[White "Walk, Maximilian"]
[Black "Schirra, Maurice"]
[Site "Bad Homburg"]
[Round "6"]
[Result "0-1"]
[Date "2014.04.18"]
[WhiteElo "1370"]
[BlackElo "1739"]
[PlyCount "112"]
[EventDate "2014.04.??"]
[EventType "swiss"]
[EventRounds "7"]
[EventCountry "GER"]
[SourceTitle "EXT 2022"]
[Source "ChessBase"]
[SourceDate "2021.10.06"]
[SourceVersion "1"]
[SourceVersionDate "2021.10.06"]
[SourceQuality "1"]

1. e4 e5 2. Nf3 Nf6 3. Nxe5 d6 4. Nf3 Nxe4 5. d4 d5 6. Bd3 Bd6 7. 0-0 0-0 8. Re1 Re8 9. Nc3 Nxc3 10. bxc3 h6 11. c4 c6 12. cxd5 cxd5 13. h3 Nc6 14. a4 Bd7 15. Rxe8+ Qxe8 16. Ba3 Qf8 17. Bxd6 Qxd6 18. Qd2 Re8 19. Rb1 Qc7 20. Qc3 Qa5 21. Qxa5 Nxa5 22. Ne5 Re7 23. Nxd7 Rxd7 24. Be2 Nc6 25. c3 Kf8 26. Bf3 b6 27. Re1 Ne7 28. Re5 Rd6 29. Kf1 a6 30. Ke2 Ng6 31. Rf5 f6 32. Kd2 Ne7 33. Rh5 Kf7 34. Kd3 Ke6 35. c4 Rd8 36. cxd5+ Nxd5 37. Bxd5+ Rxd5 38. Rh4 Ra5 39. Kc3 g5 40. Re4+ Kd5 41. Re8 Rxa4 42. Rd8+ Ke6 43. Rb8 b5 44. Rb6+ Kf7 45. Rb7+ Ke6 46. Rb6+ Kd5 47. Rxf6 Rc4+ 48. Kb3 Rc6 49. Rf8 Kxd4 50. Rd8+ Kc5 51. Rd2 a5 52. Rc2+ Kb6 53. Re2 a4+ 54. Kb4 Rc4+ 55. Ka3 Rc3+ 56. Kb4 Rb3# 0-1

[Event "Hessen-ch U14"]
[White "Ruhl, Moritz"]
[Black "Schirra, Maurice"]
[Site "Bad Homburg"]
[Round "1"]
[Result "0-1"]
[Date "2014.04.14"]
[WhiteElo "1429"]
[BlackElo "1739"]
[PlyCount "132"]
[EventDate "2014.04.??"]
[EventType "swiss"]
[EventRounds "7"]
[EventCountry "GER"]
[SourceTitle "EXT 2022"]
[Source "ChessBase"]
[SourceDate "2021.10.06"]
[SourceVersion "1"]
[SourceVersionDate "2021.10.06"]
[SourceQuality "1"]

1. g3 e5 2. Bg2 Nc6 3. e3 f5 4. Ne2 Nf6 5. 0-0 g6 6. d4 e4 7. a3 d5 8. b3 Be6 9. Nd2 Na5 10. Qe1 b6 11. Nf4 Bf7 12. f3 Bg7 13. fxe4 fxe4 14. Bb2 0-0 15. Bh3 Re8 16. Bc3 Nb7 17. Bb2 c5 18. Bc3 Nd6 19. a4 Rb8 20. Rb1 Rb7 21. Rf2 Nd7 22. Ne2 Nf8 23. dxc5 bxc5 24. Bxg7 Kxg7 25. Rf1 Ne6 26. c3 a5 27. Qc1 Qg5 28. Nf4 Nxf4 29. Rxf4 Qe5 30. Nf1 d4 31. cxd4 cxd4 32. Qd1 dxe3 33. Nxe3 Qc5 34. Kf2 g5 35. Rg4 h5 36. Rxg5+ Qxg5 37. Qxd6 Qf6+ 38. Qxf6+ Kxf6 39. Nf5 Rxb3 40. Rxb3 Bxb3 41. Nd6 Re7 42. Nf5 Re5 43. Ne3 Bxa4 44. Nc4 Bb3 45. Nxe5 Kxe5 46. Ke3 a4 47. Kd2 e3+ 48. Kxe3 a3 49. Kd3 a2 50. Kc3 a1Q+ 51. Kxb3 Qb1+ 52. Kc3 Qc1+ 53. Kd3 Qd1+ 54. Kc3 Qd4+ 55. Kc2 Qf2+ 56. Kd3 Qxh2 57. Bf1 Qxg3+ 58. Kd2 h4 59. Ke2 h3 60. Bxh3 Qxh3 61. Kd2 Kd4 62. Kc2 Qd3+ 63. Kb2 Qc3+ 64. Kb1 Qd2 65. Ka1 Kc3 66. Kb1 Qb2# 0-1

[Event "GER-chT Lands U20"]
[White "Biastoch, Bennet"]
[Black "Schirra, Maurice"]
[Site "Hannover"]
[Round "6.6"]
[Result "1-0"]
[Date "2013.10.05"]
[WhiteElo "1742"]
[BlackElo "1713"]
[PlyCount "71"]
[EventDate "2013.10.02"]
[EventType "team-swiss"]
[EventRounds "7"]
[EventCountry "GER"]
[SourceTitle "EXT 2014"]
[Source "ChessBase"]
[SourceDate "2013.11.20"]
[SourceVersion "1"]
[SourceVersionDate "2013.11.20"]
[SourceQuality "1"]
[WhiteTeam "Team Nord"]
[BlackTeam "Hessen"]
[WhiteTeamCountry "GER"]
[BlackTeamCountry "GER"]

1. e4 e5 2. Nf3 Nf6 3. Nxe5 d6 4. Nf3 Nxe4 5. d4 d5 6. Bd3 Bd6 7. 0-0 0-0 8. c4 Be6 9. Re1 Nf6 10. c5 Be7 11. Bg5 c6 12. Nbd2 Re8 13. Qc2 h6 14. Bf4 Nh5 15. Be5 Bf6 16. b4 Bxe5 17. Nxe5 Nf4 18. Bf1 Qc8 19. Nb3 Bf5 20. Qd2 Ne6 21. a4 Nd7 22. Nxd7 Qxd7 23. b5 Reb8 24. Ra2 Qc7 25. a5 a6 26. b6 Qd7 27. Qc3 Re8 28. Rae2 Re7 29. Re3 Rae8 30. Nd2 Ng5 31. Rxe7 Rxe7 32. Rxe7 Qxe7 33. Qe3 Qxe3 34. fxe3 Ne4 35. Nxe4 Bxe4 36. Bxa6 1-0

[Event "Karl Mala Memorial op-A 16th"]
[White "Schirra, Maurice"]
[Black "Koch, Thomas"]
[Site "Frankfurt"]
[Round "6"]
[Result "0-1"]
[Date "2013.07.14"]
[WhiteElo "1656"]
[BlackElo "1836"]
[PlyCount "52"]
[EventDate "2013.07.11"]
[EventType "swiss"]
[EventRounds "7"]
[EventCountry "GER"]
[SourceTitle "EXT 2014"]
[Source "ChessBase"]
[SourceDate "2013.11.20"]
[SourceVersion "1"]
[SourceVersionDate "2013.11.20"]
[SourceQuality "1"]

1. e4 e6 2. d3 Nc6 3. Nf3 Nf6 4. g3 Be7 5. Bg2 0-0 6. 0-0 d6 7. Ne1 e5 8. f4 d5 9. Nc3 Bg4 10. Bf3 Bxf3 11. Nxf3 dxe4 12. dxe4 Bc5+ 13. Kg2 Qe7 14. Nd5 Nxd5 15. exd5 Rad8 16. fxe5 Nxe5 17. Re1 f6 18. Bf4 Qf7 19. Bxe5 Rxd5 20. Qe2 fxe5 21. Nxe5 Qf2+ 22. Kh1 Rd2 23. Qc4+ Kh8 24. Ng6+ hxg6 25. Qh4+ Kg8 26. Qh3 Qf3+ 0-1

[Event "Karl Mala Memorial op-A 16th"]
[White "Schirra, Maurice"]
[Black "Krasnopeyeva, Julia"]
[Site "Frankfurt"]
[Round "4"]
[Result "0-1"]
[Date "2013.07.13"]
[WhiteElo "1656"]
[BlackElo "1943"]
[PlyCount "56"]
[EventDate "2013.07.11"]
[EventType "swiss"]
[EventRounds "7"]
[EventCountry "GER"]
[SourceTitle "EXT 2014"]
[Source "ChessBase"]
[SourceDate "2013.11.20"]
[SourceVersion "1"]
[SourceVersionDate "2013.11.20"]
[SourceQuality "1"]

1. e4 c5 2. Nc3 Nc6 3. Bb5 Nd4 4. Bc4 e6 5. Nge2 a6 6. a4 b6 7. d3 Bb7 8. 0-0 Bd6 9. f4 Ne7 10. Bd2 Nec6 11. Nxd4 cxd4 12. Ne2 Qh4 13. Qe1 Qxe1 14. Raxe1 0-0-0 15. Ng3 h5 16. Rf2 f6 17. Kh1 Rdg8 18. Ne2 g5 19. Ref1 g4 20. f5 g3 21. hxg3 h4 22. g4 Rxg4 23. Nf4 exf5 24. exf5 h3 25. Kg1 Ne7 26. Bf7 Bxf4 27. Bxf4 hxg2 28. Ra1 Rh1# 0-1

[Event "Karl Mala Memorial op-A 16th"]
[White "Diez, Gerhard"]
[Black "Schirra, Maurice"]
[Site "Frankfurt"]
[Round "3"]
[Result "1-0"]
[Date "2013.07.12"]
[WhiteElo "1996"]
[BlackElo "1656"]
[PlyCount "119"]
[EventDate "2013.07.11"]
[EventType "swiss"]
[EventRounds "7"]
[EventCountry "GER"]
[SourceTitle "EXT 2014"]
[Source "ChessBase"]
[SourceDate "2013.11.20"]
[SourceVersion "1"]
[SourceVersionDate "2013.11.20"]
[SourceQuality "1"]

1. e4 e5 2. Nf3 Nf6 3. Nxe5 d6 4. Nf3 Nxe4 5. c4 c6 6. Nc3 Nxc3 7. dxc3 Bg4 8. h3 Bh5 9. Be2 Be7 10. 0-0 0-0 11. Be3 Nd7 12. Qd2 Nf6 13. Rad1 d5 14. Nd4 Bg6 15. Qc1 Qc7 16. cxd5 Nxd5 17. Bf3 Rad8 18. Rfe1 Rfe8 19. Bg5 h6 20. Bxe7 Rxe7 21. Rxe7 Qxe7 22. c4 Nf6 23. Re1 Qd7 24. Nb3 Re8 25. Re3 a6 26. a4 Rxe3 27. Qxe3 Qd3 28. Qxd3 Bxd3 29. Nc5 Bxc4 30. Nxb7 Bd5 31. Be2 Bb3 32. a5 Ba4 33. Bxa6 Bb5 34. Bxb5 cxb5 35. Nd6 b4 36. a6 Nd5 37. Kf1 Kf8 38. a7 Nc7 39. Nb5 Na8 40. Ke2 Ke7 41. Kd3 Kd7 42. Kc4 b3 43. Kxb3 Kc6 44. Kb4 Kb7 45. Nd6+ Kxa7 46. Nxf7 Kb6 47. Kc4 Nc7 48. Kd4 Ne6+ 49. Ke5 Nf8 50. f4 Ng6+ 51. Ke4 Kb5 52. Nd6+ Kb4 53. Nf5 Kb3 54. Nxg7 Kxb2 55. f5 Nf8 56. g4 Nd7 57. Ne8 Kc3 58. h4 Kc4 59. g5 hxg5 60. hxg5 1-0

[Event "GER-ch U12"]
[White "Weber, Samuel"]
[Black "Schirra, Maurice"]
[Site "Oberhof"]
[Round "9"]
[Result "1/2-1/2"]
[Date "2013.05.24"]
[WhiteElo "1703"]
[BlackElo "1656"]
[PlyCount "45"]
[EventDate "2013.05.19"]
[EventType "swiss"]
[EventRounds "11"]
[EventCountry "GER"]
[SourceTitle "CBM 154 Extra"]
[Source "ChessBase"]
[SourceDate "2013.06.25"]
[SourceVersion "2"]
[SourceVersionDate "2013.06.25"]
[SourceQuality "1"]

1. d4 Nf6 2. c4 g6 3. Nc3 Bg7 4. e4 d6 5. f4 c5 6. d5 0-0 7. Nf3 Nbd7 8. Be2 Nb6 9. e5 Ne8 10. 0-0 Bg4 11. Ng5 Bxe2 12. Qxe2 h6 13. Nf3 Nc7 14. Be3 Qd7 15. Rad1 Rae8 16. Bf2 a6 17. Bg3 Nc8 18. a4 Na7 19. a5 Nc8 20. b3 b6 21. axb6 Nxb6 22. Qc2 Ra8 23. Ne4 1/2-1/2

[Event "GER-ch U12"]
[White "Martin, Julian"]
[Black "Schirra, Maurice"]
[Site "Oberhof"]
[Round "3"]
[Result "1-0"]
[Date "2013.05.20"]
[WhiteElo "1847"]
[BlackElo "1656"]
[PlyCount "99"]
[EventDate "2013.05.19"]
[EventType "swiss"]
[EventRounds "11"]
[EventCountry "GER"]
[SourceTitle "CBM 154 Extra"]
[Source "ChessBase"]
[SourceDate "2013.06.25"]
[SourceVersion "2"]
[SourceVersionDate "2013.06.25"]
[SourceQuality "1"]

1. e4 e5 2. Nf3 Nf6 3. Nxe5 d6 4. Nf3 Nxe4 5. Nc3 Nf6 6. d4 d5 7. Bd3 Bd6 8. 0-0 0-0 9. Bg5 c6 10. Qd2 Be6 11. Ne2 Nbd7 12. Bf4 Qc7 13. Bxd6 Qxd6 14. Ng3 Rfe8 15. h3 h6 16. Rfe1 Nf8 17. Nh4 Bd7 18. c3 Ne6 19. Re5 Kf8 20. Nhf5 Qc7 21. Nxh6 Ng8 22. Nxg8 Kxg8 23. Rae1 Rad8 24. Bc2 Qd6 25. Qd3 g6 26. Qd2 Qf8 27. h4 Qg7 28. h5 Rf8 29. hxg6 fxg6 30. Rxe6 Bxe6 31. Rxe6 Rf6 32. Qe2 Rdf8 33. Qg4 Kf7 34. Nh5 gxh5 35. Re7+ Kxe7 36. Qxg7+ R8f7 37. Qg3 Kd7 38. f3 Kc8 39. Qh3+ Kc7 40. Qxh5 Kb6 41. c4 dxc4 42. Qc5+ Kc7 43. Qxc4 Rd7 44. Be4 Kb8 45. d5 cxd5 46. Bxd5 Rfd6 47. Be4 Rd1+ 48. Kh2 R1d2 49. Qb4 Kc8 50. Bf5 1-0